Symétrie - Lettres - Statistiques

Statistiques générales
  • Ce quiz a été pris 33 fois
  • Le résultat moyen est 15 sur 26
Statistiques - réponses
Question Réponse % Correct
A 1 axe de symétrie
90%
F Aucune forme de symétrie
86%
C 1 axe de symétrie
83%
E 1 axe de symétrie
79%
G Aucune forme de symétrie
79%
J Aucune forme de symétrie
79%
H Symétrie centrale + axes de symétrie
79%
B 1 axe de symétrie
76%
D 1 axe de symétrie
76%
L Aucune forme de symétrie
72%
I Symétrie centrale + axes de symétrie
66%
M 1 axe de symétrie
62%
O Symétrie centrale + axes de symétrie
62%
P Aucune forme de symétrie
55%
Q Aucune forme de symétrie
52%
N Symétrie centrale
48%
K Aucune forme de symétrie
45%
R Aucune forme de symétrie
45%
T 1 axe de symétrie
41%
U 1 axe de symétrie
38%
V 1 axe de symétrie
31%
W 1 axe de symétrie
31%
S Symétrie centrale
31%
X Symétrie centrale + axes de symétrie
31%
Y 1 axe de symétrie
28%
Z Symétrie centrale
24%
Aucun quiz correspondant
Distribution des résultats
% des personnes avec chaque résultat
Percentile par nombre de réponses
Votre historique - résultats
Vous n’avez pas pris ce quiz